000 00367nam a2200145Ia 4500
005 20250729165747.0
008 250729s2014 xx 000 0 und d
041 _aeng
082 _a372.25 NORE
100 _aNorber Minezes
_9232339
245 _aEffective studyskills
260 _aPatna
_bPrabhath Prakashan
_c2014
300 _a123p
650 _aEducation
_9232340
999 _c239733
_d239733